书目信息 |
| 题名: |
中华人民共和国环境保护法释义
|
|
| 作者: | 信春鹰 主编 | |
| 分册: | ||
| 出版信息: | 北京 法律出版社 2014.06 |
|
| 页数: | 419页 | |
| 开本: | 20cm | |
| 丛书名: | ||
| 单 册: | ||
| 中图分类: | D922.685 | |
| 科图分类: | ||
| 主题词: | 法律--中国 | |
| 电子资源: | ||
| ISBN: | 7-5118-6384-1 | |
| 000 | 00625nam0 2200193 450 | |
| 001 | 1459259569 | |
| 005 | 20171212110413.02 | |
| 010 | @a7-5118-6384-1@dCNY36.00 | |
| 100 | @a20141208d2014 km y0chiy0120 ea | |
| 101 | 0 | @achi |
| 102 | @aCN@b110000 | |
| 200 | 1 | @a中华人民共和国环境保护法释义@Azhong hua ren min gong he guo huan jing bao hu fa shi yi@f信春鹰主编@Fxin chun ying zhu bian |
| 210 | @a北京@c法律出版社@d2014.06 | |
| 215 | @a419页@d20cm | |
| 606 | 0 | @a法律@x中国 |
| 690 | @aD922.685@v4 | |
| 701 | 0 | @a信春鹰@Axin chun ying@4主编 |
| 801 | 0 | @aCN@b大连网信软件有限公司图书馆·11@c20141208 |
| 905 | @aZUCC@dD922.685@eX594 | |
| 中华人民共和国环境保护法释义/信春鹰主编.-北京:法律出版社,2014.06 |
| 419页;20cm |
| ISBN 7-5118-6384-1:CNY36.00 |
| ● |
| 相关链接 |
|
|
|
正题名:中华人民共和国环境保护法释义
索取号:D922.685/X594
 
预约/预借
| 序号 | 登录号 | 条形码 | 馆藏地/架位号 | 状态 | 备注 |
| 1 | 1237304 | 212373046 | 法学院资料室/ [索取号:D922.685/X594] | 在馆 | |
| 2 | 495059 | 204950598 | 法学院资料室/ [索取号:D922.685/X594] | 在馆 |